|
|
|
|
| LEADER |
02242nam a2200409 u 4500 |
| 001 |
10021361 |
| 003 |
upatras |
| 005 |
20210117205535.0 |
| 008 |
990123s1996 us eng |
| 020 |
|
|
|a 0070608989
|
| 040 |
|
|
|a GR-PaULI
|c GR-PaULI
|
| 041 |
0 |
|
|a eng
|
| 082 |
0 |
4 |
|a 572.8
|
| 100 |
1 |
|
|a Stansfield, William D.
|9 21303
|
| 245 |
1 |
0 |
|a Schaum's outline of theory and problems of molecular and cell biology
|c William D. Stansfield, Jaime S. Colome, Raul J. Cano
|
| 260 |
|
|
|a New York
|b McGraw-Hill
|c 1996
|
| 300 |
|
|
|a vii, 384 p.
|b fig., tab.
|c 28 cm.
|
| 490 |
1 |
|
|a Schaum's outline series
|
| 500 |
|
|
|a Includes index
|
| 650 |
|
4 |
|a Μοριακή βιολογία
|9 835
|
| 650 |
|
4 |
|a Κύτταρα
|9 1663
|
| 700 |
1 |
|
|a Colome, Jaime S
|9 145865
|
| 700 |
1 |
|
|a Cano, Raul J
|9 145866
|
| 760 |
0 |
|
|a Schaum's outline series
|
| 852 |
|
|
|a GR-PaULI
|b ΠΑΤΡΑ
|b ΒΚΠ
|b ΒΣ1
|k ΑΣΧΞ
|h 572.8 SΤΑ
|m 042529
|p 025000054574
|t 3
|
| 852 |
|
|
|a GR-PaULI
|b ΠΑΤΡΑ
|b ΒΚΠ
|b ΒΣ1
|k ΑΣΧΞ
|h 572.8 SΤΑ
|m 042530
|p 025000054573
|t 4
|
| 852 |
|
|
|a GR-PaULI
|b ΠΑΤΡΑ
|b ΒΚΠ
|b ΒΣ1
|k ΑΣΧΞ
|h 572.8 SΤΑ
|m 042531
|p 025000054570
|t 5
|
| 852 |
|
|
|a GR-PaULI
|b ΠΑΤΡΑ
|b ΒΚΠ
|b ΒΣ2
|k ΑΣΧΞ
|h 572.8 S
|m 042526
|p 025000054571
|t 1
|
| 852 |
|
|
|a GR-PaULI
|b ΠΑΤΡΑ
|b ΒΚΠ
|b ΒΣ2
|k ΑΣΧΞ
|h 572.8 S
|m 042528
|p 025000054572
|t 2
|
| 942 |
|
|
|2 ddc
|c BK15
|
| 952 |
|
|
|0 0
|1 0
|4 0
|6 572_800000000000000_SΤΑ
|7 0
|9 183244
|a LISP
|b LISP
|c BSC
|d 2016-04-24
|i 042529
|l 0
|o 572.8 SΤΑ
|p 025000054574
|r 2016-04-24 00:00:00
|t 3
|w 2016-04-24
|y BK15
|
| 952 |
|
|
|0 0
|1 0
|4 0
|6 572_800000000000000_SΤΑ
|7 0
|9 183245
|a LISP
|b LISP
|c BSC
|d 2016-04-24
|i 042530
|l 0
|o 572.8 SΤΑ
|p 025000054573
|r 2016-04-24 00:00:00
|t 4
|w 2016-04-24
|y BK15
|
| 952 |
|
|
|0 0
|1 0
|4 0
|6 572_800000000000000_SΤΑ
|7 0
|9 183246
|a LISP
|b LISP
|c BSC
|d 2016-04-24
|i 042531
|l 0
|o 572.8 SΤΑ
|p 025000054570
|r 2016-04-24 00:00:00
|t 5
|w 2016-04-24
|y BK15
|
| 952 |
|
|
|0 0
|1 0
|4 0
|6 572_800000000000000_S
|7 0
|9 183247
|a LISP
|b LISP
|c BSC
|d 2016-04-24
|i 042526
|l 0
|o 572.8 S
|p 025000054571
|r 2016-04-24 00:00:00
|t 1
|w 2016-04-24
|y BK15
|
| 952 |
|
|
|0 0
|1 0
|4 0
|6 572_800000000000000_S
|7 0
|9 183248
|a LISP
|b LISP
|c BSC
|d 2016-04-24
|i 042528
|l 0
|o 572.8 S
|p 025000054572
|r 2016-04-24 00:00:00
|t 2
|w 2016-04-24
|y BK15
|
| 998 |
|
|
|c ΗΛΙΟΠΟΥΛΟΥ
|d 1999-04
|
| 999 |
|
|
|c 113065
|d 113065
|